Great Wide Receiver Duos of All Time - Statistics

General Stats
  • This quiz has been taken 93 times
  • The average score is 6 of 10
Answer Stats
WR 1 WR 2 % Correct
Marvin Harrison Reggie Wayne
86%
Isaac Bruce Torry Holt
84%
Cris Carter Randy Moss
83%
Roddy White Julio Jones
80%
Larry Fitzgerald Anquan Boldin
66%
John Stallworth Lynn Swann
58%
Jerry Rice Terrell Owens
55%
Tim Brown Jerry Rice
46%
Andre Reed James Lofton
28%
Art Monk Gary Clark
25%
No matching quizzes found
Score Distribution
Percent of People with Each Score
Percentile by Number Answered
Your Score History
You have not taken this quiz